|
|
|
|
| LEADER |
00000cas a2200000 a 4500 |
| 001 |
vtls001467891 |
| 003 |
SK-MaSNL |
| 005 |
20260330161027.0 |
| 008 |
040206c19979999xo wr ne 0 0b0slo |
| 022 |
|
|
|a 1337-7485
|
| 035 |
|
|
|a SNK000423196
|
| 035 |
|
|
|a (SVKBB03)vtls000048121
|
| 040 |
|
|
|a SNK
|b slo
|c SNK
|e AACR2
|
| 041 |
0 |
|
|a slo
|
| 043 |
|
|
|a e-xo---
|
| 044 |
|
|
|a xo
|c SK
|
| 072 |
|
7 |
|a 316.7
|x Sociológia kultúry. Kultúrny život
|2 konspekt
|
| 072 |
|
7 |
|a 352/354
|x Stupne miestnej, oblastnej a ústrednej správy
|2 konspekt
|
| 080 |
|
|
|a 316.728
|2 2011
|
| 080 |
|
|
|a 353.9
|2 2011
|
| 080 |
|
|
|a 316.72/.75-027.22
|2 2011
|
| 080 |
|
|
|a 050
|2 2001
|
| 080 |
|
|
|a (437.6)
|2 2011
|
| 080 |
|
|
|a (051)+(054)(437.6)
|2 2011
|
| 210 |
0 |
|
|a Považskobystrické nov.
|
| 222 |
|
0 |
|a Považskobystrické novinky
|
| 245 |
0 |
0 |
|a Považskobystrické novinky
|b týždenník pre mesto a okolie
|
| 260 |
|
|
|a Považská Bystrica
|b Mesto Považská Bystrica
|c 1997-
|
| 300 |
|
|
|a zv.
|c 32 cm
|
| 310 |
|
|
|a 1x týždenne
|
| 362 |
0 |
|
|a Roč. I, č. 1 (1997)-
|
| 500 |
|
|
|a Redaktori sa menia
|
| 500 |
|
|
|a Evidenčné číslo: EV 3073/09
|
| 515 |
|
|
|a Niektoré čísla vychádzajú ako dvojčíslo
|
| 525 |
|
|
|a V r. 1999 má prílohu: Telemagazín
|
| 650 |
0 |
7 |
|a spoločenský život
|2 SNKPH
|9 28654
|
| 650 |
0 |
7 |
|a kultúrny život
|2 SNKPH
|9 3182
|
| 650 |
0 |
7 |
|a územná samospráva
|2 SNKPH
|9 802
|
| 651 |
|
7 |
|a Považská Bystrica (Slovensko)
|2 SNKPHgeo
|9 28796
|
| 655 |
|
7 |
|a regionálne periodiká
|2 SNKPH
|9 131775
|
| 710 |
1 |
|
|a Považská Bystrica (Slovensko).
|b Mestský úrad
|4 pbl
|9 171341
|
| 856 |
4 |
1 |
|u http://www.povazska-bystrica.sk/povazskobystricke-novinky.phtml?id3=1512
|z Archív r. 2004-2007, 2011
|
| 856 |
4 |
1 |
|u http://issuu.com/povazskobystrickenovinky
|
| 910 |
|
|
|a snk
|
| 916 |
|
|
|a 1997-2015, 2016, 2017, 2018-2019, 2020, 2021-2023
|
| 999 |
|
|
|c 4963
|d 6893
|
| 952 |
|
|
|t č. 1-26
|a SNK
|b SNK
|y PREZ
|7 0
|p 17A1525324
|o snkČSB 5205/28/2024/1
|i snk2025/756
|8 0
|0 0
|1 0
|4 0
|d 2025-01-21
|l 0
|r 2026-02-21 19:41:50
|w 2026-02-21
|
| 952 |
|
|
|t č. 27-52
|a SNK
|b SNK
|y PREZ
|7 0
|p 17A1525325
|o snkČSB 5205/28/2024/2
|i snk2025/757
|8 0
|0 0
|1 0
|4 0
|d 2025-01-21
|l 0
|r 2026-02-21 19:41:50
|w 2026-02-21
|
| 952 |
|
|
|t č. 1-26
|a SNK
|b SNK
|y PREZ
|7 0
|p 17A1522656
|o snkČSB 5205/27/2023/1
|i snk2024/2861
|8 0
|0 0
|1 0
|4 0
|d 2024-02-20
|l 0
|r 2026-02-21 19:48:26
|w 2026-02-21
|
| 952 |
|
|
|t č. 27-52
|a SNK
|b SNK
|y PREZ
|7 0
|p 17A1522657
|o snkČSB 5205/27/2023/2
|i snk2024/2862
|8 0
|0 0
|1 0
|4 0
|d 2024-02-20
|l 0
|r 2026-02-21 19:48:26
|w 2026-02-21
|
| 952 |
|
|
|t č. 1-52, neúplné
|a SNK
|b SNK
|y PREZ
|7 0
|p 17A1349141
|o snkČSB 5205/2/1998 D1
|i snkČSP 1891/2004
|z Chýba č.: 31
|0 0
|1 0
|4 0
|d 2023-10-20
|l 0
|r 2026-02-21 19:50:25
|w 2026-02-21
|
| 952 |
|
|
|t č. 1-26
|a SNK
|b SNK
|y PREZ
|7 0
|p 17A1519961
|o snkČSB 5205/26/2022/1
|i snk2023/4497
|8 0
|0 0
|1 0
|4 0
|d 2023-03-15
|l 0
|r 2026-02-21 20:03:24
|w 2026-02-21
|
| 952 |
|
|
|t č. 27-52
|a SNK
|b SNK
|y PREZ
|7 0
|p 17A1519962
|o snkČSB 5205/26/2022/2
|i snk2023/4498
|8 0
|0 0
|1 0
|4 0
|d 2023-03-15
|l 0
|r 2026-02-21 20:03:24
|w 2026-02-21
|
| 952 |
|
|
|t č. 1-26
|a SNK
|b SNK
|y PREZ
|7 0
|p 17A1463481
|o snkČSB 5205/25/2021/1
|i snk2022/10725
|8 0
|0 0
|1 0
|4 0
|d 2022-06-29
|l 0
|r 2026-02-21 20:03:34
|w 2026-02-21
|
| 952 |
|
|
|t č. 27-52
|a SNK
|b SNK
|y PREZ
|7 0
|p 17A1463482
|o snkČSB 5205/25/2021/2
|i snk2022/10729
|8 0
|0 0
|1 0
|4 0
|d 2022-06-29
|l 0
|r 2026-02-21 20:03:34
|w 2026-02-21
|
| 952 |
|
|
|t č. 1-53
|a SNK
|b SNK
|y PREZ
|7 0
|p 17A0502443
|o snkČSB 5205/8/2004
|i snk2006/15970
|8 0
|f 1
|0 0
|1 0
|4 0
|d 2006-08-11
|l 0
|r 2026-02-21 20:08:44
|w 2026-02-21
|
| 952 |
|
|
|t č. 1-52
|a SNK
|b SNK
|y PREZ
|7 0
|p 17A0502439
|o snkČSB 5205/6/2002
|i snk2006/15960
|8 0
|f 1
|0 0
|1 0
|4 0
|d 2006-08-11
|l 0
|r 2026-02-21 20:12:59
|w 2026-02-21
|
| 952 |
|
|
|t č. 1-52
|a SNK
|b SNK
|y PREZ
|7 0
|p 17A0502440
|o snkČSB 5205/6/2002 D1
|i snk2006/15964
|8 0
|0 0
|1 0
|4 0
|d 2006-08-11
|l 0
|r 2026-02-21 20:12:59
|w 2026-02-21
|
| 952 |
|
|
|t č. 1-52
|a SNK
|b SNK
|y PREZ
|7 0
|p 17A0502441
|o snkČSB 5205/7/2003
|i snk2006/15966
|8 0
|f 1
|0 0
|1 0
|4 0
|d 2006-08-11
|l 0
|r 2026-02-21 20:13:00
|w 2026-02-21
|
| 952 |
|
|
|t č. 1-52
|a SNK
|b SNK
|y PREZ
|7 0
|p 17A0502442
|o snkČSB 5205/7/2003 D1
|i snk2006/15969
|8 0
|0 0
|1 0
|4 0
|d 2006-08-11
|l 0
|r 2026-02-21 20:13:00
|w 2026-02-21
|
| 952 |
|
|
|t č. 1-53
|a SNK
|b SNK
|y PREZ
|7 0
|p 17A0502444
|o snkČSB 5205/8/2004 D1
|i snk2006/15972
|8 0
|0 0
|1 0
|4 0
|d 2006-08-11
|l 0
|r 2026-02-21 20:13:00
|w 2026-02-21
|
| 952 |
|
|
|t č. 1-52
|a SNK
|b SNK
|y PREZ
|7 0
|p 17A0502445
|o snkČSB 5205/9/2005
|i snk2006/15973
|8 0
|f 1
|0 0
|1 0
|4 0
|d 2006-08-11
|l 0
|r 2026-02-21 20:13:00
|w 2026-02-21
|
| 952 |
|
|
|t č. 1-52, neúplné
|a SNK
|b SNK
|y PREZ
|7 0
|p 17A0502446
|o snkČSB 5205/9/2005 D1
|i snk2006/15976
|8 0
|z Chýba č. 21
|0 0
|1 0
|4 0
|d 2006-08-11
|l 0
|r 2026-02-21 20:13:00
|w 2026-02-21
|
| 952 |
|
|
|t č. 1-51, neúpl.
|a SNK
|b SNK
|y PREZ
|7 0
|p 17A1047048
|o snkČSB 5205/13/2009
|i snk2014/26348
|8 0
|z chýba č. 36
|f 1
|0 0
|1 0
|4 0
|d 2014-11-27
|l 0
|r 2026-02-21 20:18:40
|w 2026-02-21
|
| 952 |
|
|
|t č. 1-51
|a SNK
|b SNK
|y PREZ
|7 0
|p 17A1047049
|o snkČSB 5205/14/2010
|i snk2014/26351
|8 0
|f 1
|0 0
|1 0
|4 0
|d 2014-11-27
|l 0
|r 2026-02-21 20:18:40
|w 2026-02-21
|
| 952 |
|
|
|t č. 1-52
|a SNK
|b SNK
|y PREZ
|7 0
|p 17A1047050
|o snkČSB 5205/15/2011
|i snk2014/26354
|8 0
|f 1
|0 0
|1 0
|4 0
|d 2014-11-27
|l 0
|r 2026-02-21 20:18:40
|w 2026-02-21
|
| 952 |
|
|
|t č. 1-52
|a SNK
|b SNK
|y PREZ
|7 0
|p 17A1047045
|o snkČSB 5205/10/2006
|i snk2014/26343
|8 0
|f 1
|0 0
|1 0
|4 0
|d 2014-11-27
|l 0
|r 2026-02-21 20:18:41
|w 2026-02-21
|
| 952 |
|
|
|t č. 1-52
|a SNK
|b SNK
|y PREZ
|7 0
|p 17A1047051
|o snkČSB 5205/16/2012
|i snk2014/26355
|8 0
|f 1
|0 0
|1 0
|4 0
|d 2014-11-27
|l 0
|r 2026-02-21 20:18:41
|w 2026-02-21
|
| 952 |
|
|
|t č. 1-51
|a SNK
|b SNK
|y PREZ
|7 0
|p 17A1047052
|o snkČSB 5205/17/2013
|i snk2014/26356
|8 0
|f 1
|0 0
|1 0
|4 0
|d 2014-11-27
|l 0
|r 2026-02-21 20:27:21
|w 2026-02-21
|
| 952 |
|
|
|t č. 1-49
|a SNK
|b SNK
|y PREZ
|7 0
|p 17A0896637
|o snkČSB 5205/1/1997
|i snkČSP 1892/2004
|f 1
|0 0
|1 0
|4 0
|d 2014-11-27
|l 0
|r 2026-02-21 20:27:27
|w 2026-02-21
|
| 952 |
|
|
|t č. 1-52
|a SNK
|b SNK
|y PREZ
|7 0
|p 17A0896539
|o snkČSB 5205/2/1998
|i snkČSP 1890/2004
|f 1
|0 0
|1 0
|4 0
|d 2014-11-27
|l 0
|r 2026-02-21 20:27:27
|w 2026-02-21
|
| 952 |
|
|
|t č. 1-50
|a SNK
|b SNK
|y PREZ
|7 0
|p 17A0896619
|o snkČSB 5205/3/1999
|i snkČSP 2341/2002
|f 1
|0 0
|1 0
|4 0
|d 2014-11-27
|l 0
|r 2026-02-21 20:33:12
|w 2026-02-21
|
| 952 |
|
|
|t č. 1-52
|a SNK
|b SNK
|y PREZ
|7 0
|p 17A0896610
|o snkČSB 5205/4/2000
|i snkČSP 2339/2002
|f 1
|0 0
|1 0
|4 0
|d 2014-11-27
|l 0
|r 2026-02-21 20:42:18
|w 2026-02-21
|
| 952 |
|
|
|t č. 1-50
|a SNK
|b SNK
|y PREZ
|7 0
|p 17A0985185
|o snkČSB 5205/5/2001
|i snkČSP 2337/2002
|f 1
|0 0
|1 0
|4 0
|d 2014-11-27
|l 0
|r 2026-02-21 20:42:18
|w 2026-02-21
|
| 952 |
|
|
|t č. 1-52
|a SNK
|b SNK
|y PREZ
|7 0
|p 17A1047046
|o snkČSB 5205/11/2007
|i snk2014/26344
|8 0
|f 1
|0 0
|1 0
|4 0
|d 2014-11-27
|l 0
|r 2026-02-21 21:11:35
|w 2026-02-21
|
| 952 |
|
|
|t č. 1-51
|a SNK
|b SNK
|y PREZ
|7 0
|p 17A1047047
|o snkČSB 5205/12/2008
|i snk2014/26347
|8 0
|f 1
|0 0
|1 0
|4 0
|d 2014-11-27
|l 0
|r 2026-02-21 21:11:35
|w 2026-02-21
|
| 952 |
|
|
|t č. 1-27
|a SNK
|b SNK
|y PREZ
|7 0
|p 17A1434941
|o snkČSB 5205/24/2020/1
|i snk2021/8666
|8 0
|f 1
|0 0
|1 0
|4 0
|d 2021-07-13
|l 0
|r 2026-02-21 21:21:14
|w 2026-02-21
|
| 952 |
|
|
|t č. 28-52
|a SNK
|b SNK
|y PREZ
|7 0
|p 17A1434940
|o snkČSB 5205/24/2020/2
|i snk2021/8675
|8 0
|f 1
|0 0
|1 0
|4 0
|d 2021-07-13
|l 0
|r 2026-02-21 21:21:14
|w 2026-02-21
|
| 952 |
|
|
|t č. 1-26
|a SNK
|b SNK
|y PREZ
|7 0
|p 17A1388529
|o snkČSB 5205/23/2019/1
|i snk2020/10391
|8 0
|f 1
|0 0
|1 0
|4 0
|d 2020-06-15
|l 0
|r 2026-02-21 22:00:38
|w 2026-02-21
|
| 952 |
|
|
|t č. 27-52
|a SNK
|b SNK
|y PREZ
|7 0
|p 17A1388528
|o snkČSB 5205/23/2019/2
|i snk2020/10392
|8 0
|f 1
|0 0
|1 0
|4 0
|d 2020-06-15
|l 0
|r 2026-02-21 22:00:38
|w 2026-02-21
|
| 952 |
|
|
|t č. 1-25
|a SNK
|b SNK
|y PREZ
|7 0
|p 17A1099506
|o snkČSB 5205/18/2014/1
|i snk2016/8768
|8 0
|f 1
|0 0
|1 0
|4 0
|d 2016-04-06
|l 0
|r 2026-02-21 22:09:25
|w 2026-02-21
|
| 952 |
|
|
|t č. 26-51
|a SNK
|b SNK
|y PREZ
|7 0
|p 17A1099504
|o snkČSB 5205/18/2014/2
|i snk2016/8769
|8 0
|f 1
|0 0
|1 0
|4 0
|d 2016-04-06
|l 0
|r 2026-02-21 22:09:25
|w 2026-02-21
|
| 952 |
|
|
|t č. 1-27
|a SNK
|b SNK
|y PREZ
|7 0
|p 17A1099502
|o snkČSB 5205/19/2015/1
|i snk2016/8771
|8 0
|f 1
|0 0
|1 0
|4 0
|d 2016-04-06
|l 0
|r 2026-02-21 22:09:26
|w 2026-02-21
|
| 952 |
|
|
|t č. 28-52
|a SNK
|b SNK
|y PREZ
|7 0
|p 17A1099500
|o snkČSB 5205/19/2015/2
|i snk2016/8773
|8 0
|f 1
|0 0
|1 0
|4 0
|d 2016-04-06
|l 0
|r 2026-02-21 22:09:26
|w 2026-02-21
|
| 952 |
|
|
|t č. 1-26
|a SNK
|b SNK
|y PREZ
|7 0
|p 17A1266269
|o snkČSB 5205/20/2016/1
|i snk2017/26178
|8 0
|f 1
|0 0
|1 0
|4 0
|d 2017-11-27
|l 0
|r 2026-02-21 22:11:38
|w 2026-02-21
|
| 952 |
|
|
|t č. 27-52
|a SNK
|b SNK
|y PREZ
|7 0
|p 17A1266268
|o snkČSB 5205/20/2016/2
|i snk2017/26193
|8 0
|f 1
|0 0
|1 0
|4 0
|d 2017-11-27
|l 0
|r 2026-02-21 22:11:38
|w 2026-02-21
|
| 952 |
|
|
|t č. 1-26
|a SNK
|b SNK
|y PREZ
|7 0
|p 17A1342189
|o snkČSB 5205/21/2017/1
|i snk2019/983
|8 0
|z Obsahuje príl.: Kultúrne podujatia
|f 1
|0 0
|1 0
|4 0
|d 2019-01-14
|l 0
|r 2026-02-21 22:20:41
|w 2026-02-21
|
| 952 |
|
|
|t č. 27-52
|a SNK
|b SNK
|y PREZ
|7 0
|p 17A1342190
|o snkČSB 5205/21/2017/2
|i snk2019/984
|8 0
|z Obsahuje príl.: Kultúrne podujatia
|f 1
|0 0
|1 0
|4 0
|d 2019-01-14
|l 0
|r 2026-02-21 22:20:41
|w 2026-02-21
|
| 952 |
|
|
|t č. 1-26
|a SNK
|b SNK
|y PREZ
|7 0
|p 17A1342191
|o snkČSB 5205/22/2018/1
|i snk2019/986
|8 0
|z Obsahuje príl.: Kultúrne podujatia
|f 1
|0 0
|1 0
|4 0
|d 2019-01-14
|l 0
|r 2026-02-21 22:20:41
|w 2026-02-21
|
| 952 |
|
|
|t č. 27-52
|a SNK
|b SNK
|y PREZ
|7 0
|p 17A1342192
|o snkČSB 5205/22/2018/2
|i snk2019/987
|8 0
|z Obsahuje príl.: Kultúrne podujatia
|f 1
|0 0
|1 0
|4 0
|d 2019-01-14
|l 0
|r 2026-02-21 22:20:42
|w 2026-02-21
|